Providing the links - the UK Spatial Planning Framework (Record no. 67474)
[ view plain ]
| 000 -LEADER | |
|---|---|
| fixed length control field | 01384cam a2200229 4500 |
| 001 - CONTROL NUMBER | |
| control field | ABS64176 |
| 008 - FIXED-LENGTH DATA ELEMENTS--GENERAL INFORMATION | |
| fixed length control field | 000000n2001 000 0 eng u |
| 035 ## - SYSTEM CONTROL NUMBER | |
| System control number | (Sirsi) u113273 |
| 100 ## - MAIN ENTRY--PERSONAL NAME | |
| Personal name | Shaw, M. |
| 245 ## - TITLE STATEMENT | |
| Title | Providing the links - the UK Spatial Planning Framework |
| 260 ## - PUBLICATION, DISTRIBUTION, ETC. | |
| Date of publication, distribution, etc. | 2001 |
| 490 ## - SERIES STATEMENT | |
| Series statement | Planning (for the Natural and Built Environment) |
| Volume/sequential designation | 8 June 2001, 19(1) |
| 520 ## - SUMMARY, ETC. | |
| Summary, etc. | The first in a series of articles that looks at the national spatial planning frameworks in the UK. Among the reasons why the Royal Town Planning Institute (RTPI) initiated a review of the linking up - the spatial dimension - of national planning are the effects of devolution, and the developing interest of the EU in spatial frameworks. Discusses the challenges posed by devolution and regionalism to national planning frameworks. Moves on to describe the study carried out by the RTPI's NSPF Steering Group. This began by commissioning six studies of: households and housing, land-use and transport, economy and employment, environment and energy, social exclusion and statutory planning systems. Describes the key recommendations to emerge from the study's findings. |
| 590 ## - LOCAL NOTE (RLIN) | |
| Local note | ABS |
| 650 ## - SUBJECT ADDED ENTRY--TOPICAL TERM | |
| Topical term or geographic name entry element | NATIONAL PLANNING POLICY |
| 650 ## - SUBJECT ADDED ENTRY--TOPICAL TERM | |
| Topical term or geographic name entry element | RTPI |
| 650 ## - SUBJECT ADDED ENTRY--TOPICAL TERM | |
| Topical term or geographic name entry element | DEVOLUTION |
| 650 ## - SUBJECT ADDED ENTRY--TOPICAL TERM | |
| Topical term or geographic name entry element | STUDY |
| 650 ## - SUBJECT ADDED ENTRY--TOPICAL TERM | |
| Topical term or geographic name entry element | PLANNING POLICY |
| 690 ## - LOCAL SUBJECT ADDED ENTRY--TOPICAL TERM (OCLC, RLIN) | |
| Topical term or geographic name as entry element | Planning and development |
| 9 (RLIN) | 6259 |
| 942 ## - ADDED ENTRY ELEMENTS (KOHA) | |
| Suppress in OPAC | 0 |
| Withdrawn status | Lost status | Source of classification or shelving scheme | Damaged status | Not for loan | Home library | Current library | Shelving location | Date acquired | Total Checkouts | Full call number | Barcode | Date last seen | Copy number | Price effective from | Koha item type |
|---|---|---|---|---|---|---|---|---|---|---|---|---|---|---|---|
| Dewey Decimal Classification | London | London | Journal article | 26/06/2001 | ABS64176 | 113273-1001 | 06/08/2019 | 1 | 06/08/2019 | Journal article |